书目信息 |
| 题名: |
巧辨形近字
|
|
| 作者: | 冉红 著 | |
| 分册: | 5 | |
| 出版信息: | 北京 中国盲文出版社 2020.5 |
|
| 页数: | 196页 | |
| 开本: | 24cm | |
| 丛书名: | ||
| 单 册: | ||
| 中图分类: | G624.223 | |
| 科图分类: | ||
| 主题词: | 汉字--字形--小学--教学参考资料 | |
| 电子资源: | ||
| ISBN: | 978-7-5002-9119-0 | |
| 000 | 00928nam0 2200241 45 | |
| 001 | 012001002368 | |
| 005 | 20210923085347.72 | |
| 010 | @a978-7-5002-9119-0@dCNY33.80 | |
| 100 | @a20210624d2020 cd y0chiy0110 ea | |
| 101 | 0 | @achi |
| 102 | @aCN@b110000 | |
| 105 | @aa z 000yy | |
| 106 | @ar | |
| 200 | 1 | @a巧辨形近字@Aqiao bian xing jin zi@h5@f冉红著 |
| 210 | @a北京@c中国盲文出版社@d2020.5 | |
| 215 | @a196页@d24cm | |
| 300 | @a国家彩票公益金资助·大字版 | |
| 330 | @a本书根据人民教育出版社的九年义务教育六年制小学教科书生字表里的形近字,分别运用于小学低、中、高年级。每一册里的60个故事都融趣味性、知识性、思想性为一体,对小学生的语文学习和成绩提升很有帮助,对想象力培养和思路的拓展大有裨益。本册为5,主要内容包括:爱受、暧暖、柏拍、败贩等。 | |
| 606 | 0 | @a汉字@x字形@x小学@j教学参考资料 |
| 690 | @aG624.223@v5 | |
| 701 | 0 | @a冉红@ARan Hong@4著 |
| 801 | @aCN@bAHXH@c20210922 | |
| 905 | @b1254136-40@dG624.223@e1745:5@f5 | |
| 巧辨形近字.5/冉红著.-北京:中国盲文出版社,2020.5 |
| 196页;24cm |
| 国家彩票公益金资助·大字版 |
| ISBN 978-7-5002-9119-0:CNY33.80 |
| 本书根据人民教育出版社的九年义务教育六年制小学教科书生字表里的形近字,分别运用于小学低、中、高年级。每一册里的60个故事都融趣味性、知识性、思想性为一体,对小学生的语文学习和成绩提升很有帮助,对想象力培养和思路的拓展大有裨益。本册为5,主要内容包括:爱受、暧暖、柏拍、败贩等。 |
| ● |
| 相关链接 |
|
|
|
|
正题名:巧辨形近字
索取号:G624.223/1745:5
 
预约/预借
| 序号 | 登录号 | 条形码 | 馆藏地/架位号 | 状态 | 备注 |
| 1 | 1254136 | 212541365 | 第一样本阅览室/ [索取号:G624.223/1745:5] | 在馆 | |
| 2 | 1254137 | 212541374 | 教育系资料室/ [索取号:G624.223/1745:5] | 在馆 | |
| 3 | 1254138 | 212541383 | 教育系资料室/ [索取号:G624.223/1745:5] | 在馆 | |
| 4 | 1254139 | 212541392 | 第四借阅区/ [索取号:G624.223/1745:5] | 在馆 | |
| 5 | 1254140 | 212541409 | 第四借阅区/ [索取号:G624.223/1745:5] | 在馆 |